书目信息 |
| 题名: |
钢结构
|
|
| 作者: | 陈志华 主编 | |
| 分册: | ||
| 出版信息: | 北京 机械工业出版社 2019.07 |
|
| 页数: | 515页 | |
| 开本: | 26cm | |
| 丛书名: | 面向可持续发展的土建类工程教育丛书 | |
| 单 册: | ||
| 中图分类: | TU391 | |
| 科图分类: | ||
| 主题词: | 钢结构--gang jie gou | |
| 电子资源: | ||
| ISBN: | 978-7-111-62293-2 | |
| 000 | 01234nam 2200301 450 | |
| 001 | 2055291764 | |
| 005 | 20201107152142.94 | |
| 010 | @a978-7-111-62293-2@dCNY79.00 | |
| 100 | @a20190819d2019 em y0chiy50 ea | |
| 101 | 0 | @achi |
| 102 | @aCN@b110000 | |
| 105 | @aak a 000yy | |
| 200 | 1 | @a钢结构@Agang jie gou@f主编陈志华 |
| 210 | @a北京@c机械工业出版社@d2019.07 | |
| 215 | @a515页@c图@d26cm | |
| 225 | 2 | @a面向可持续发展的土建类工程教育丛书@Amian xiang ke chi xu fa zhan de tu jian lei gong cheng jiao yu cong shu |
| 300 | @a“十三五”国家重点出版物出版规划项目 | |
| 312 | @a英文题名取自封面 | |
| 314 | @a陈志华, 天津大学建筑工程学院教授, 博士生导师, 天津市房屋建筑钢结构技术工程中心主任等职。 | |
| 320 | @a有书目 (第515页) | |
| 330 | @a本书分上、下篇, 上篇讲述了钢结构材料的性能以及连接, 钢结构基本受力构件, 钢结构节点设计等基础知识, 下篇讲述了钢结构应用较多的工业厂房、大跨度结构、多高层房屋以及近些年出现的钢板剪力墙等内容, 并加入了钢结构的施工内容。 | |
| 410 | 0 | @12001 @a面向可持续发展的土建类工程教育丛书 |
| 510 | 1 | @aSteel structure@zeng |
| 606 | 0 | @a钢结构@Agang jie gou |
| 690 | @aTU391@v5 | |
| 701 | 0 | @a陈志华@Achen zhi hua@4主编 |
| 801 | 0 | @aCN@b人天书店@c20200927 |
| 905 | @aZUCC@dTU391@eC652 | |
| 钢结构/主编陈志华.-北京:机械工业出版社,2019.07 |
| 515页:图;26cm.-(面向可持续发展的土建类工程教育丛书) |
| “十三五”国家重点出版物出版规划项目 |
| ISBN 978-7-111-62293-2:CNY79.00 |
| 本书分上、下篇, 上篇讲述了钢结构材料的性能以及连接, 钢结构基本受力构件, 钢结构节点设计等基础知识, 下篇讲述了钢结构应用较多的工业厂房、大跨度结构、多高层房屋以及近些年出现的钢板剪力墙等内容, 并加入了钢结构的施工内容。 |
| ● |
| 相关链接 |
|
|
|
正题名:钢结构
索取号:TU391/C652
 
预约/预借
| 序号 | 登录号 | 条形码 | 馆藏地/架位号 | 状态 | 备注 |
| 1 | 1486035 | 214860355 | 建筑库101/101建筑库 89排3列1层/ [索取号:TU391/C652] | 在馆 | |
| 2 | 1486036 | 214860364 | 建筑库101/101建筑库 89排3列1层/ [索取号:TU391/C652] | 在馆 |